Wielogłosowe przesłanie "Pieśni o żubrze" Mikołaja Hussowskiego

Titel: Wielogłosowe przesłanie "Pieśni o żubrze" Mikołaja Hussowskiego
Verfasser:
In: Łacina jako je̜zyk elit, (2004), Seite 319-327
alle Artikel anzeigen
Veröffentlicht: 2004
Format: Aufsatz
Sprache: Polnisch
Kein Bild verfügbar
X
alg: 39411374
001A    $01999:12-11-16 
001B    $01999:29-05-21 $t17:42:48.000 
001D    $01999:12-11-16 
001U    $0utf8 
001X    $00 
002@    $0Aox 
003@    $0394113748 
007A    $0394113748 $aHEB 
007T    $0Herdk64855 
010@    $apol 
011@    $a2004 
021A    $aWielogłosowe przesłanie "Pieśni o żubrze" Mikołaja Hussowskiego 
028A    $aAxer $dJerzy 
031A    $h319-327 $j2004 
039B    $aIn $8--Aau--. Łacina jako je̜zyk elit. - Warszawa : DiG {[u.a.], 2004. - 516 S.. - ISBN 83-7181-321-X $x200400000000000681 $9126525862 
045F    $a929.094793 $eDDC23BSB 
045F/01 $a929 
045F/03 $g4793 
045F/03 $g438 

lok: 39411374 78

exp: 39411374 78 1 #EPN
201B/01 $018-11-16 $t10:39:04.000 
201U/01 $0utf8 
203@/01 $0790224267 
208@/01 $a12-11-16 $be 
209A/01 $a/ $f000 $x00 
220C/01 $aTitelaufnehmer: pbb 
220C/01 $aHerkunft: IH PAN/PBB Kraków 
244Z/01 $2Trx $#Litauen $#Lithuania $#Litwa $#Litva $#Litva $8--Trx--Lietuva $x01 $9391193457 
244Z/01 $2Trx $#Poola $#Lenkija $#Polija $#Polen Land $#Poland $#Lengyelország $#Poľsko $#Polsko $8--Trx--Polska$gkraj $x02 $9391345966 
244Z/01 $aGeschichte 1475-1533 $x03 
244Z/01 $2Trx $#Hussowczyk, Mikołaj $#Mikołaj z Hussowa $8--Trx--Hussowski, Mikołaj $x04 $9390649325 
244Z/01 $2Trx $#laulud $#dainos $#Songs $#énekek $#pieśni $#piesne $#písně $8--Trx--Lieder $x05 $939138032X 
244Z/01 $2Trx $8--Trx--Einzelbeiträge $x06 $9391384570 
245Z/01 $a12.03 $x01 
247C/01 $82080>Marburg/Lahn, Herder-Institut, Forschungsbibliothek, Bibliographieportal $9336309341
LEADER 00000caa a22000002c 4500
001 394113748
003 DE-603
005 20210529174248.0
007 tu
008 161112s2004 xx |||| | u00||u|pol c
035 |a (DE-599)HEB394113748 
040 |a DE-603  |b ger  |c DE-603  |d DE-603 
041 |a pol 
082 0 4 |8 1\u  |a 929.094793  |q DE-101  |2 23/BSB 
085 |8 1\u  |b 929 
085 |8 1\u  |z 2  |s 4793 
085 |8 1\u  |z 2  |s 438 
100 1 |a Axer, Jerzy 
245 0 0 |a Wielogłosowe przesłanie "Pieśni o żubrze" Mikołaja Hussowskiego 
264 0 |c 2004 
773 0 8 |i In  |t Łacina jako je̜zyk elit  |d Warszawa : DiG ˜[u.a.], œ2004  |h 516 S.  |z 837181321X  |g (2004), Seite 319-327  |w (DE-603)126525862 
924 0 |9 2080  |a (DE-603)790224267  |b DE-2080  |c HES  |d d  |g /